[Event "COL-ch U16 Girls"]
[Site "Medellin"]
[Date "2025.04.26"]
[Round "5"]
[White "Arroyave Arboleda, Shantal"]
[Black "Lizarazo Camelo, Sara Alejandra"]
[Result "0-1"]
[WhiteElo "1573"]
[BlackElo "1473"]
[PlyCount "80"]
[EventDate "2025.04.24"]
[EventType "swiss"]
[EventRounds "7"]
[EventCountry "COL"]
[SourceTitle "CB18_2025"]
[SourceDate "2025.04.30"]
[SourceVersion "1"]
[SourceVersionDate "2025.04.30"]
[SourceQuality "1"]

1. e4 c5 2. Nf3 Nc6 3. d4 cxd4 4. Nxd4 e5 5. Nf3 Nf6 6. Nc3 Bb4 7. Bd3 d5 8. Bd2 Bxc3 9. Bxc3 dxe4 10. Nxe5 exd3 11. Nxc6 bxc6 12. cxd3 0-0 13. 0-0 Bf5 14. Qf3 Qd5 15. Qg3 Bg6 16. f4 Qf5 17. Rad1 Rfe8 18. Qf3 Nd5 19. g4 Qd7 20. f5 Bxf5 21. gxf5 Ne3 22. Qg3 f6 23. Bxf6 Nxd1 24. Rxd1 Rf8 25. Bc3 Rxf5 26. Re1 h6 27. h4 Raf8 28. Qg6 Rf4 29. Qe6+ Qxe6 30. Rxe6 Rg4+ 31. Kh2 Rxh4+ 32. Kg3 Rhf4 33. Rxc6 Rf3+ 34. Kg2 Rxd3 35. Rc7 Rf7 36. Rc6 Rd5 37. a3 Rg5+ 38. Kh3 Rf3+ 39. Kh2 Rf2+ 40. Kh1 Rf4 0-1

[Event "Manizales Feria op 29th"]
[Site "Manizales"]
[Date "2024.01.07"]
[Round "4"]
[White "Arroyave Arboleda, Shantal"]
[Black "Alzate Herrera, Juan Jose"]
[Result "1-0"]
[WhiteElo "1554"]
[BlackElo "1437"]
[PlyCount "105"]
[EventDate "2024.01.05"]
[EventType "swiss"]
[EventRounds "7"]
[EventCountry "COL"]
[SourceTitle "CBM 218 Extra"]
[Source "ChessBase"]
[SourceDate "2024.03.31"]
[SourceVersion "1"]
[SourceVersionDate "2024.03.31"]
[SourceQuality "1"]

1. e4 e5 2. Nf3 Nc6 3. d4 exd4 4. Nxd4 Nf6 5. Nxc6 bxc6 6. Nc3 Bc5 7. Bc4 0-0 8. 0-0 Bb7 9. Re1 Re8 10. e5 Nd5 11. Nxd5 cxd5 12. Bxd5 Bxd5 13. Qxd5 d6 14. Be3 Rxe5 15. Qf3 Rb8 16. b3 Qf6 17. Qxf6 gxf6 18. Bxc5 Rxc5 19. Re2 Rbb5 20. c4 Rb6 21. Rd1 Re5 22. Rde1 Rc6 23. f4 Re6 24. f5 Re5 25. g4 Rcc5 26. Kf2 Kg7 27. Kf3 h5 28. Kf4 hxg4 29. Kxg4 Rxf5 30. h4 Rfe5 31. Rxe5 Rxe5 32. Rf1 Re2 33. a3 Re3 34. Rf3 Re6 35. b4 Kg6 36. h5+ Kg7 37. Rf5 Re5 38. Kf4 c6 39. c5 Rxf5+ 40. Kxf5 d5 41. b5 d4 42. bxc6 d3 43. c7 d2 44. c8Q d1Q 45. Ke4 Qa4+ 46. Kd5 Qb3+ 47. Kc6 Qf3+ 48. Kc7 Qxh5 49. Kb8 Qd1 50. c6 Qb3+ 51. Qb7 Qxa3 52. c7 Qf8+ 53. c8Q 1-0